MARC details
| 000 -LEADER |
| campo de control de longitud fija |
03614nkc a22003737a 4500 |
| 001 - NÚMERO DE CONTROL |
| campo de control |
85863 |
| 005 - FECHA Y HORA DE LA ÚLTIMA TRANSACCIÓN |
| campo de control |
20260430112550.0 |
| 007 - CAMPO FIJO DE DESCRIPCIÓN FÍSICA--INFORMACIÓN GENERAL |
| campo de control de longitud fija |
kh boc |
| 008 - DATOS DE LONGITUD FIJA--INFORMACIÓN GENERAL |
| campo de control de longitud fija |
260430s1915 sp ||||| |||| |0| i|spa d |
| 040 ## - FUENTE DE CATALOGACIÓN |
| Centro catalogador/agencia de origen |
M-RABA |
| Lengua de catalogación |
spa |
| Centro/agencia transcriptor |
M-RABA |
| 100 1# - ENTRADA PRINCIPAL--NOMBRE DE PERSONA |
| Nombre de persona |
Roig Villalonga, Juana ( |
| Fechas asociadas al nombre |
1877-1941) |
| 9 (RLIN) |
42535 |
| 245 11 - MENCIÓN DEL TÍTULO |
| Título |
[Catedral de Pamplona |
| Resto del título |
: cofres y puerta del claustro] |
| Mención de responsabilidad, etc. |
/ J. Roig |
| Medio |
[Material gráfico] |
| 260 ## - PUBLICACIÓN, DISTRIBUCIÓN, ETC. |
| Lugar de publicación, distribución, etc. |
: Madrid |
| Nombre del editor, distribuidor, etc. |
: J. Roig |
| Fecha de publicación, distribución, etc. |
[ca. 1915] |
| 300 ## - DESCRIPCIÓN FÍSICA |
| Extensión |
7 fotografías |
| Otras características físicas |
: aristotipo |
| Dimensiones |
, imagen 23 x 16 cm (medidas máximas) |
| -- |
, imagen 9,5 x 14,5 cm (medidas mínimas) |
| -- |
, soporte secundario 10,5 x 16,5 cm (medidas mínimas) |
| 500 00 - NOTA GENERAL |
| Nota general |
Conjunto de 7 fotografías que representan la portada de la Catedral de Pamplona y diferentes cofres de estilo persa-árabe conservados en ella. |
| 500 00 - NOTA GENERAL |
| Nota general |
Fot-829, Fot-830 y Fot-831 presentan un papel de acabado brillante y un soporte secundario de cartón, montadas al estilo carte de visite. El resto de fotografías, en papel de acabado mate y de mayores dimensiones, no presentan soporte secundario. |
| 500 00 - NOTA GENERAL |
| Nota general |
Anotaciones manuscritas a lápiz al verso de las imágenes:<br/>Fot-829: "Cofre estilo persa-árabe del siglo XI perteneciente a la Catedral de Pamplona".<br/>Fot-830: "Cofre estilo persa-árabe del siglo XI perteneciente a la Catedral de Pamplona".<br/>Fot-831: "Cofre estilo persa-árabe del siglo XI perteneciente a la Catedral de Pamplona".<br/>Fot-832: "2 cofres persa-árabe del siglo XI de la Catedral de Pamplona".<br/>Fot-833: "Estudiar, puede ser de San Lomme de Tournay"<br/>Fot-834: "Pamplona Catedral".<br/>Fot-835: no presenta anotaciones. |
| 500 00 - NOTA GENERAL |
| Nota general |
La Fot-832, Fot-833; Fot-834 y Fot-835 presentan un sello a tinta al verso de la fotógrafa: J. Roig, encargada del estudio de J. Laurente entre los años 1915 y 1930.<br/>Fecha de las fotografías tomada de la época en activo de J. Roig. |
| 500 00 - NOTA GENERAL |
| Nota general |
Fot-833: original conservado en IPCE del fotógrafo J. Laurent. Nº inventario: VN-01137<br/>Fot-834: original conservado en IPCE del fotógrafo J. Laurent. Nº inventario: VN-01136.<br/>Fot-835: original conservado en IPCE del fotógrafo J. Laurent. Nº inventario: VN-01139. |
| 610 27 - PUNTO DE ACCESO ADICIONAL DE MATERIA--NOMBRE DE ENTIDAD CORPORATIVA |
| Nombre de entidad corporativa o nombre de jurisdicción como elemento de entrada |
Catedral de Pamplona ( |
| Sede del congreso/Lugar de la reunión |
España) |
| 9 (RLIN) |
71389 |
| 651 #7 - PUNTO DE ACCESO ADICIONAL DE MATERIA--NOMBRE GEOGRÁFICO |
| Nombre geográfico |
Pamplona (España) |
| 9 (RLIN) |
75331 |
| 655 #0 - TERMINO DE INDIZACIÓN--GENERO/FORMA |
| Datos o término principal de género/forma |
Fotografías de monumentos |
| 9 (RLIN) |
111580 |
| 655 #7 - TERMINO DE INDIZACIÓN--GENERO/FORMA |
| Datos o término principal de género/forma |
Fotografías de obras de arte |
| 9 (RLIN) |
75675 |
| 700 1# - ENTRADA AGREGADA--NOMBRE PERSONAL |
| Nombre de persona |
Laurent, J. ( |
| Fechas asociadas al nombre |
1816-1886) |
| 9 (RLIN) |
55737 |
| 852 ## - LOCALIZACIÓN |
| Número de control de estantería |
Fot-829; Fot-830; Fot-831; Fot-832; Fot-833; Fot-834; Fot-835 |
| 856 ## - LOCALIZACIÓN Y ACCESO ELECTRÓNICOS |
| Identificador Uniforme de Recurso |
<a href="https://archivoybiblioteca.realacademiabellasartessanfernando.com/cgi-bin/koha/opac-retrieve-file.pl?id=bc92291f4fb5cb22cb26d111b084817f">https://archivoybiblioteca.realacademiabellasartessanfernando.com/cgi-bin/koha/opac-retrieve-file.pl?id=bc92291f4fb5cb22cb26d111b084817f</a> |
| Texto de enlace |
Fot-829 |
| 856 ## - LOCALIZACIÓN Y ACCESO ELECTRÓNICOS |
| Identificador Uniforme de Recurso |
<a href="https://archivoybiblioteca.realacademiabellasartessanfernando.com/cgi-bin/koha/opac-retrieve-file.pl?id=b1f0a028fc130e8e21f9fc9215ca39d5">https://archivoybiblioteca.realacademiabellasartessanfernando.com/cgi-bin/koha/opac-retrieve-file.pl?id=b1f0a028fc130e8e21f9fc9215ca39d5</a> |
| Texto de enlace |
Fot-830 |
| 856 ## - LOCALIZACIÓN Y ACCESO ELECTRÓNICOS |
| Identificador Uniforme de Recurso |
<a href="https://archivoybiblioteca.realacademiabellasartessanfernando.com/cgi-bin/koha/opac-retrieve-file.pl?id=21cc8cbd2d393aa2f45c3596092535b9">https://archivoybiblioteca.realacademiabellasartessanfernando.com/cgi-bin/koha/opac-retrieve-file.pl?id=21cc8cbd2d393aa2f45c3596092535b9</a> |
| Texto de enlace |
Fot-831 |
| 856 ## - LOCALIZACIÓN Y ACCESO ELECTRÓNICOS |
| Identificador Uniforme de Recurso |
<a href="https://archivoybiblioteca.realacademiabellasartessanfernando.com/cgi-bin/koha/opac-retrieve-file.pl?id=43e0f76fec8726e6ee5ecfa35f51c512">https://archivoybiblioteca.realacademiabellasartessanfernando.com/cgi-bin/koha/opac-retrieve-file.pl?id=43e0f76fec8726e6ee5ecfa35f51c512</a> |
| Texto de enlace |
Fot-832 |
| 856 ## - LOCALIZACIÓN Y ACCESO ELECTRÓNICOS |
| Identificador Uniforme de Recurso |
<a href="https://archivoybiblioteca.realacademiabellasartessanfernando.com/cgi-bin/koha/opac-retrieve-file.pl?id=85a05a8be873f1af00c7b076a034ba9a">https://archivoybiblioteca.realacademiabellasartessanfernando.com/cgi-bin/koha/opac-retrieve-file.pl?id=85a05a8be873f1af00c7b076a034ba9a</a> |
| Texto de enlace |
Fot-833 |
| 856 ## - LOCALIZACIÓN Y ACCESO ELECTRÓNICOS |
| Identificador Uniforme de Recurso |
<a href="https://archivoybiblioteca.realacademiabellasartessanfernando.com/cgi-bin/koha/opac-retrieve-file.pl?id=effcee2227130592e9f524786ced5641">https://archivoybiblioteca.realacademiabellasartessanfernando.com/cgi-bin/koha/opac-retrieve-file.pl?id=effcee2227130592e9f524786ced5641</a> |
| Texto de enlace |
Fot-834 |
| 856 ## - LOCALIZACIÓN Y ACCESO ELECTRÓNICOS |
| Identificador Uniforme de Recurso |
<a href="https://archivoybiblioteca.realacademiabellasartessanfernando.com/cgi-bin/koha/opac-retrieve-file.pl?id=9840665245f742f0d0dfd04aebdee219">https://archivoybiblioteca.realacademiabellasartessanfernando.com/cgi-bin/koha/opac-retrieve-file.pl?id=9840665245f742f0d0dfd04aebdee219</a> |
| Texto de enlace |
Fot-835 |
| 942 ## - ELEMENTOS DE ENTRADA SECUNDARIOS (KOHA) |
| Tipo de ítem Koha |
Fotografías |
| Suprimir en OPAC |
No |